Central Library OPAC University of Rajshahi

Ethics / (Record no. 45107)

MARC details
000 -LEADER
fixed length control field 00784nam a2200253 a 4500
001 - CONTROL NUMBER
control field 45107
003 - CONTROL NUMBER IDENTIFIER
rucl marc code BD-RjUL
005 - DATE AND TIME OF LATEST TRANSACTION
control field 20211209053950.0
008 - FIXED-LENGTH DATA ELEMENTS--GENERAL INFORMATION
fixed length control field 160723r19611912xx 001 0 eng d
035 ## - SYSTEM CONTROL NUMBER
System control number (BD-RjUL)45225
040 ## - CATALOGING SOURCE
Original cataloging agency BPS
Transcribing agency BPS
Modifying agency EQO
-- BD-RjUL
Language of cataloging eng
041 ## - LANGUAGE CODE
Language code of text/sound track or separate title eng
082 ## - DEWEY DECIMAL CLASSIFICATION NUMBER
Edition number 23
Classification number 170
Author mark and year MOE 1961
090 ## - LOCALLY ASSIGNED LC-TYPE CALL NUMBER (OCLC); LOCAL CALL NUMBER (OCLC)
Classification number (OCLC) (R) ; Classification number, CALL (RLIN) (NR) BJ1011
Local cutter number (OCLC) ; Book number/undivided call number, CALL (RLIN) .M7 1963
100 1# - MAIN ENTRY--PERSONAL NAME
Personal name Moore, G. E.
Fuller form of name (George Edward),
Dates associated with a name 1873-1958.
9 (RLIN) 138179
245 10 - TITLE STATEMENT
Title Ethics /
Statement of responsibility, etc. G. E. Moore
260 ## - PUBLICATION, DISTRIBUTION, ETC. (IMPRINT)
Place of publication, distribution, etc. London ; New York :
Name of publisher, distributor, etc. Oxford University Press,
Date of publication, distribution, etc. 1912 [reprint 1961]
300 ## - PHYSICAL DESCRIPTION
Pagination 160 p. ;
Size 17 cm
490 1# - SERIES STATEMENT
Series statement Home university library of modern knowledge ;
Volume/sequential designation 54
500 ## - GENERAL NOTE
General note Includes index
650 #0 - SUBJECT ADDED ENTRY--TOPICAL TERM
Topical term or geographic name as entry element Ethics
9 (RLIN) 138180
830 #0 - SERIES ADDED ENTRY--UNIFORM TITLE
Uniform title Home university library of modern knowledge ;
Volume number/sequential designation 54.
942 ## - ADDED ENTRY ELEMENTS (KOHA)
Source of classification or shelving scheme Dewey Decimal Classification
Koha item type Books
Holdings
Lost status Source of classification or shelving scheme Damaged status Not for loan Collection code Permanent Location Current Location Shelving location Date acquired Source of acquisition Cost, normal purchase price Total Checkouts Full call number Date last seen Date checked out Copy number Koha item type
  Dewey Decimal Classification     Non-fiction Central Library, University of Rajshahi Central Library, University of Rajshahi   23/07/2016 1963-02-16 10.60 1 170 MOE 1961 27/07/2025 13/07/2025 C-2 Books